zpět

Detail výsledku týmu

Queen’s Pub, Brno

Datum a čas kvízu

43 Celkem bodů Celkový počet nahraných bodů na tomto kvízu bez doplňovacích otázek.
1. Pořadí na kvízu Konečné umístění týmu na tomto kvízu.

Zaznamenané odpovědi

# Otázka Odpověď Body Výsledky
1. V pondělí byl na hradě Špilber... D) je nafukovací 0
2. Minulý týden jsme se dozvěděli... pilot si zapomněl cestovní pas 1
3. 43letý šéfkuchař ukončil na vl... Radek Kašpárek, Jan Punčochář 1
4. Jedna evropská metropole pokra... Paříž 1
5. Jak se jmenuje 19letý český te... Jakub Menšík 1
6. Grónsko sice není zcela suveré... .gl 1
7. Pokud byste chtěli okusit jedn... A 1
8. Že je Grónsko největším ostrov... C 1
9. Které tvrzení o Grónsku je pra... D 1
10. Pod kterým písmenem je snímek... D 1